Pokémon - Les attaques de Passerouge - Statistiques

Statistiques générales
  • Ce quiz a été pris 15 fois
  • Le résultat moyen est 9 sur 12
Statistiques - réponses
Niveaux Types Noms des attaques % Correct
Niveau 10 Feu Flammèche
100%
Départ Vol Picpic
100%
Départ Normal Rugissement
100%
Niveau 30 Vol Aéropique
75%
Niveau 45 Vol Atterrissage
75%
Niveau 25 Psy Hâte
75%
Niveau 35 Vol Vent Arrière
75%
Niveau 5 Normal Vive-Attaque
75%
Niveau 20 Vol Acrobatie
63%
Niveau 40 Acier Ailes d'Acier
63%
Niveau 50 Vol Vol
50%
Niveau 15 Normal Gigotage
38%
Aucun quiz correspondant
Distribution des résultats
% des personnes avec chaque résultat
Percentile par nombre de réponses
Votre historique - résultats
Vous n’avez pas pris ce quiz